banner koha

Use of alternative media and different types of recipients in a laboratory culture of Ankistrodesmus gracilis (Reinsch)Korshikov (Chlorophyceae) (Registro n. 216806)

MARC details
000 -LÍDER
campo de controle de tamanho fixo 01099nas a2200289 4500
001 - NÚMERO DE CONTROLE
campo de controle BR2012000576
003 - IDENTIFICADOR DO NÚMERO DE CONTROLE
campo de controle BR-BrBNA
005 - DATA E HORÁRIO DA ÚLTIMA TRANSAÇÃO
campo de controle 20231205120037.0
007 - CAMPO FIXO DE DESCRIÇÃO FÍSICA--INFORMAÇÃO GERAL
campo de controle de tamanho fixo ta
008 - CAMPO DE DADOS FIXOS--INFORMAÇÃO GERAL
campo de controle de tamanho fixo 230509b bl.|||p| |||| 00| 00por d
040 ## - FONTE DA CATALOGAÇÃO
Instituição da catalogação original BR-BrBNA
Idioma da catalogação por
Instituição que transcreveu o registro Biblioteca Nacional de Agricultura
041 ## - CÓDIGO DE IDIOMA
Código do idioma do texto/trilha sonora ou título diferente (En)
072 ## - CÓDIGO DE CATEGORIA DE ASSUNTO
Código de Categoria de Assunto M40
100 1# - ENTRADA PRINCIPAL--NOME PESSOAL
Nome pessoal Sipauba-Tavares, L.H.
100 1# - ENTRADA PRINCIPAL--NOME PESSOAL
Nome pessoal Millan, R.N.
100 1# - ENTRADA PRINCIPAL--NOME PESSOAL
Nome pessoal Berchielli, F. de A.
100 1# - ENTRADA PRINCIPAL--NOME PESSOAL
Nome pessoal Braga, F.M. de S.
245 1# - TÍTULO
Título Use of alternative media and different types of recipients in a laboratory culture of Ankistrodesmus gracilis (Reinsch)Korshikov (Chlorophyceae)
246 1# - FORMA VARIANTE DO TÍTULO
Título/título abreviado Use of alternative media and different types of recipients in a laboratory culture of Ankistrodesmus gracilis (Reinsch)Korshikov (Chlorophyceae)
650 ## - ASSUNTO--TERMO TÓPICO
Cabeçalho tópico ou nome geográfico ALGA VERDE
650 ## - ASSUNTO--TERMO TÓPICO
Cabeçalho tópico ou nome geográfico CHLOROPHYCEAE
650 ## - ASSUNTO--TERMO TÓPICO
Cabeçalho tópico ou nome geográfico ECOLOGIA AQUÁTICA
650 ## - ASSUNTO--TERMO TÓPICO
Cabeçalho tópico ou nome geográfico CONDIÇÃO AMBIENTAL
773 0# - ENTRADA ANALÍTICA
Título Acta Scientiarum. Biological Sciences (Brazil)
ISSN - International Standard Serial Number ISSN 1679-9283
Partes relacionadas (Jul-Sep 2011), v. 33(3) p. 247-253
Número de controle do registro BR2012000576
909 ## -
-- 202311
-- Lúcia
-- 55
-- Lúcia Elande
942 ## - ELEMENTOS DE ENTRADA ADICIONADOS (KOHA)
Fonte da classificação ou esquema de arquivamento na estante Classificação AGRIS
Ocultar no OPAC Não
Tipo de material Koha Analítica
Exemplares
Situação do descarte Fonte da classificação ou esquema de arquivamento na estante Situação física Não pode ser emprestado Biblioteca de origem Biblioteca atual Localização na estante Enumeração do periódico / cronologia Total de empréstimos Data de último acesso Número do exemplar Tipo de material Koha Fonte de aquisição
  Classificação AGRIS   Consulta local Biblioteca Nacional de Agricultura - Binagri Biblioteca Nacional de Agricultura - Binagri   (Jul-Sep 2011), v. 33(3) p. 247-253   29/11/2023 01 Periódicos Portaria Interministerial nº 164/94

BINAGRI

Telefone: (61)3218-2567/2388/3357/2097 - binagri@agro.gov.br

Ministério da Agricultura e Pecuária , Esplanada dos Ministérios, Bloco D, Anexo B, Brasília/DF, CEP: 70.043-900